00568nam a2200205 a 4500001001300000003000900013005001700022008004100039020000900080082001700089100002300106245004600129260003100175300000900206500003500215505003900250650003200289650001800321700002300339nice12345678IN_TiNIC20260116015227.0050524s1989 boma grp 000 0 eng  ac5000a297.82bALS1 aAl-Smawi, Muhammad aThen I Was Guided in Search of True Islam aBombaybNajafi Housec1989 a234p aincludes index and biblioraphy2 areport of a consultation sponsored aCompanions-Prophet of Islam aShiah-History1 aAl-Smawi, Muhammad